Network Security: Private Communication in a Public World (Record no. 4098)

MARC details
000 -LEADER
fixed length control field 00367nam a2200145Ia 4500
008 - FIXED-LENGTH DATA ELEMENTS--GENERAL INFORMATION
fixed length control field 191201s2009 xx 000 0 und d
082 ## - DEWEY DECIMAL CLASSIFICATION NUMBER
Classification number 005.8
Item number KAN
100 ## - MAIN ENTRY--PERSONAL NAME
Personal name KAUFMAN,Charlie
245 #0 - TITLE STATEMENT
Title Network Security: Private Communication in a Public World
250 ## - EDITION STATEMENT
Edition statement Rep.
260 ## - PUBLICATION, DISTRIBUTION, ETC. (IMPRINT)
Place of publication, distribution, etc N.Delhi
Name of publisher, distributor, etc PHI
Date of publication, distribution, etc 2009
300 ## - PHYSICAL DESCRIPTION
Extent 713
650 ## - SUBJECT ADDED ENTRY--TOPICAL TERM
Topical term or geographic name as entry element B.Tech(CSE)
942 ## - ADDED ENTRY ELEMENTS (KOHA)
Source of classification or shelving scheme Dewey Decimal Classification
Koha item type Text Books
Holdings
Withdrawn status Lost status Source of classification or shelving scheme Damaged status Not for loan Collection code Home library Current library Date acquired Source of acquisition Cost, normal purchase price Bill Number Total Checkouts Full call number Acc. no. / Barcode Date last seen Bill Date Koha item type Date last borrowed
    Dewey Decimal Classification     B.Tech(CSE) PIET C-LIBRARY PIET C-LIBRARY 27/12/2008 J B C, New Delhi 395.00 SI2135   005.8 KAN 13563 04/12/2019 12/08/2009 Text Books  
    Dewey Decimal Classification     B.Tech(CSE) PIET C-LIBRARY PIET C-LIBRARY 27/12/2008 J B C, New Delhi 395.00 SI2135 1 005.8 KAN 13564 13/04/2022 12/08/2009 Text Books 28/03/2022
    Dewey Decimal Classification     B.Tech(CSE) PIET C-LIBRARY PIET C-LIBRARY 27/12/2008 J B C, New Delhi 395.00 SI2135   005.8 KAN 13565 04/12/2019 12/08/2009 Text Books  
    Dewey Decimal Classification     B.Tech(CSE) PIET C-LIBRARY PIET C-LIBRARY 27/12/2008 J B C, New Delhi 395.00 SI2135   005.8 KAN 13566 04/12/2019 12/08/2009 Text Books  
    Dewey Decimal Classification     B.Tech(CSE) PIET C-LIBRARY PIET C-LIBRARY 27/12/2008 J B C, New Delhi 395.00 SI2135   005.8 KAN 13567 04/12/2019 12/08/2009 Text Books  

Design & Developed by: PIET Central Library
R70 Miles Stone Pattikalyana Samalkha Panipat 132102
mail ID :- [email protected], Phone No:- 0180-2569700 Ex.216